[Event "ICS rated blitz match"]
[Site "207.99.83.229"]
[Date "1999.06.17"]
[Round "?"]
[White "Secret"]
[Black "Hossa"]
[Result "0-1"]
[WhiteElo "2402"]
[BlackElo "2371"]
[Annotator "Fritz 5.32 (22s)"]
[PlyCount "162"]

1. e4 1... e5 {Opening = C45 - 3.d4 ed4 4.Nd4} 2. Nf3 Nc6 3. d4 exd4 4. Nxd4
Bc5 5. Be3 Qf6 6. c3 Nge7 7. Bc4 d6 8. O-O Ne5 9. Be2 O-O (9... Qg6 10. f3 O-O
11. Kh1 d5 12. Nd2 dxe4 13. fxe4 Bg4 14. Bf4 Bxe2 15. Qxe2 Bd6 16. Bxe5 Bxe5
17. N2f3 17... Bxd4 {- Rohl,J-Lukacs,P/FS GM Nov, Budapest HUN 1996 (17)}) (
9... h5 10. Nb5 Bxe3 11. fxe3 Qh4 12. Nxc7+ Kd7 13. Nb5 Rh6 14. Rf4 Qg5 15. Nd2
N7g6 16. Nf3 Nxf3+ 17. Rxf3 Ne5 18. Rf4 Ke7 19. Qd5 Rg6 20. g3 a6 21. Nd4 Rb8
22. Kh1 Be6 23. Nf5+ Bxf5 24. Rxf5 {
Berg,E-Kallgren,M/Open-ch, Gotland SWE 1997/1-0 (40)}) 10. Nd2 10... Bd7 $146 (
10... a6 11. Kh1 Re8 12. a4 N5g6 13. N2b3 Bb6 14. Qd2 d5 15. f3 h6 16. a5 Ba7
17. Rae1 c6 18. Bg1 Bd7 19. Nc1 Rad8 20. b4 Bc8 21. Nd3 Bb8 22. Bd1 Qh4 23. e5
Nf5 24. Bf2 Qe7 25. f4 Nxd4 26. Bxd4 Bf5 27. Nc5 Nf8 28. Bc2 Bc8 29. Qd3 f5 30.
Qh3 Qf7 31. Re3 31... Kh7 {1-0 Jr,A-Dede,L/Jakarta (Indonesia) 1994 (31)}) (
10... N7g6 11. b4 Bb6 12. a4 a6 13. Kh1 Re8 14. b5 Nf4 15. a5 Ba7 16. Bf3 Bd7
17. bxa6 bxa6 18. g3 Nfd3 19. Bg2 Rab8 20. h3 Nb2 21. Qe2 Ned3 22. Nc6 Bxc6 23.
Bxa7 Rb7 24. Bd4 Qe6 25. f4 {
Glinert,S-Petrosian,T/Szeged (Hungary) 1994/0-1 (50)}) 11. b4 Bb6 12. Re1 Rae8
13. a4 a5 14. bxa5 Bxa5 15. Qb3 b6 16. Rab1 Qh4 17. Nb5 Rc8 18. Kh1 Be6 19. Qc2
Rfe8 20. Nf3 20... Nxf3 {Droht Matt} 21. Bxf3 Nc6 22. g3 22... Qf6 {
Mit der Mattdrohung Qxf3} 23. Bg2 23... Bc4 {Der Laeufer ist gut postiert} 24.
f4 Qe6 25. Red1 Ne7 26. Nd4 Qd7 27. Re1 d5 28. Nb5 (28. Rbd1 dxe4 29. Bxe4
29... Bd5 $15) 28... dxe4 {Nun geraet Weiss unter starken Druck.} 29. Bxe4 {
Die Oeffnung der e-Linie verschafft Schwarz Drohungen} 29... Bd5 30. Red1 $19 (
30. Bxd5 $5 $142 30... Nxd5 31. Bd2 $15) 30... c6 31. Na3 (31. Bg1 $5 31...
cxb5 32. Bxd5 32... Nxd5 $17) 31... Bxe4+ 32. Qxe4 Nd5 33. Qd3 (33. Qf3 33...
Qe7 $1 {die Entscheidung} (33... Rxe3 $6 34. Qxe3 Qc7 35. Rxd5 cxd5 36. Nb5 $11
) 34. Nc2 Nxc3 35. Bxb6 35... Bxb6 $19) 33... Qe7 $1 {das war die Absicht} (
33... Rxe3 $6 {ist schnell zu verwerfen} 34. Qxe3 Qc7 35. Rxd5 cxd5 36. Nb5 $11
) 34. Nc4 {Der Druck auf b6 waechst} 34... Nxe3 35. Re1 35... Ng4 $1 {
logisch und kraftvoll} 36. Rxe7 Nf2+ 37. Kg2 Nxd3 38. Rxe8+ (38. Nxb6 Rcd8 39.
Rxe8+ 39... Rxe8 $19) 38... Rxe8 39. Nxa5 bxa5 40. Rb6 Nc5 41. Rxc6 Nxa4 42.
Ra6 Nxc3 43. Rxa5 g6 44. Kf3 Kg7 45. Rc5 Ne4 46. Rd5 h5 47. Rd7 Re6 48. Rd4 f5
49. Rd7+ (49. Rb4 {aendert den traurigen Lauf der Dinge nicht} 49... Rc6 50.
Rb2 Rc3+ 51. Kg2 h4 52. gxh4 52... Kh6 $19) 49... Kf6 (49... Kh6 {
gibt noch groesseren Vorteil} 50. Rd3 $19) 50. Ra7 Re8 51. Ra6+ Kf7 52. Ra2 Rd8
53. Ke3 Ke6 54. Ra4 Rd3+ 55. Kxd3 Nc5+ 56. Kd4 Nxa4 57. Kc4 Nb2+ 58. Kd4 Nd1
59. Kd3 Nf2+ 60. Ke2 Ne4 61. Kd3 Kd5 62. Ke3 Kc4 63. Ke2 Kd4 64. Kf3 Kd3 65. h3
Kd2 66. h4 (66. g4 {aendert nichts am Ausgang der Partie} 66... h4 $19) 66...
Kd3 67. Kg2 Ke3 68. Kf1 Nxg3+ 69. Ke1 Kxf4 70. Kd2 Kg4 71. Ke1 f4 72. Kd1 72...
f3 {Es droht Matt} 73. Ke1 g5 (73... Kf4 74. Kd2 f2 75. Kc3 Ne4+ 76. Kc4 f1=Q+
77. Kb4 Qb1+ 78. Kc4 Qb7 79. Kd3 Qc8 80. Ke2 Qc2+ 81. Ke1 Qd2+ 82. Kf1 Qf2#)
74. hxg5 74... Kxg5 {Mit der Absicht Ne4} 75. Kf2 75... Kf4 {Droht Matt: Ne4}
76. Kg1 Ke3 (76... h4 $142 {und nichts geht mehr} 77. Kf2 $19) 77. Kh2 h4 78.
Kh3 Kf4 79. Kh2 (79. Kxh4 {aendert nichts mehr} 79... f2 80. Kh3 f1=Q+ 81. Kh4
Qh1#) 79... f2 80. Kg2 (80. Kh3 {hilft allerdings auch nicht} 80... f1=Q+ 81.
Kxh4 Qh1#) 80... f1=Q+ 81. Kh2 Qh1# 0-1

[Event "ICS rated blitz match"]
[Site "207.99.83.229"]
[Date "1999.06.17"]
[Round "?"]
[White "razzle"]
[Black "Hossa"]
[Result "1-0"]
[WhiteElo "2777"]
[BlackElo "2388"]
[Annotator "Fritz 5.32 (22s)"]
[PlyCount "92"]

1. d4 1... d5 {Opening = D44 - 5.Bg5 dc4} 2. c4 c6 3. Nf3 Nf6 4. Nc3 e6 5. Bg5
dxc4 6. e4 b5 7. e5 h6 8. Bh4 g5 9. Nxg5 hxg5 10. Bxg5 Nbd7 11. exf6 Bb7 12. g3
c5 13. d5 Qb6 14. Bg2 O-O-O 15. O-O b4 16. Na4 Qb5 17. a3 Nb8 18. axb4 cxb4 19.
Be3 Bxd5 20. Bxd5 Rxd5 21. Qe2 Nc6 22. Rfc1 Na5 23. b3 c3 24. Nxc3 bxc3 25.
Rxc3+ {Weiss erhaelt starke Drohungen in der geoeffneten c-Linie} 25... Kb8 26.
Qc2 Bd6 27. b4 $146 {Weiss erhaelt Koenigsangriff} (27. Bxa7+ Kb7 28. b4 Nc6
29. Be3 Be5 30. Rxc6 Bxa1 31. Rc7+ Kb8 32. Ba7+ Ka8 33. Be3 Kb8 34. Ba7+ Ka8
35. Bc5 Kb8 36. Rxf7 Be5 37. Ba7+ Ka8 38. Be3 Rd7 39. Qa2+ Kb8 40. Ba7+ Kc8 41.
Qxe6 Qd5 42. Qa6+ Qb7 43. Qc4+ 43... Qc7 {
- Kasparov Garry-Tal,M/Moscow 1983 (43)}) 27... Bxb4 (27... Qxb4 $2 28. Rb1
Qxb1+ 29. Qxb1+ Ka8 30. Rd3 $18) 28. Rc7 28... Rf8 $16 (28... a6 $5 $14 $142 {
muss erwogen werden}) 29. Bxa7+ ({Schwaecher scheint} 29. Rxa7 29... Qc6 30.
Qe2 Qb5 31. Qxb5+ 31... Rxb5 $14) 29... Ka8 30. Rb1 30... Nb7 $2 $18 (30...
Rfd8 $142 31. Be3 Kb8 32. Rxf7 32... Nc4 $18) 31. Be3 {Mit der Mattdrohung Rc8}
31... Kb8 32. Rc4 Bd6 (32... Rfd8 {holt die Kuh nicht vom Eis} 33. Bf4+ (33.
Rbxb4 Rd1+ 34. Kg2 Qd5+ 35. f3 Rd3 36. Bf4+ e5 37. Bxe5+ Ka8 38. Rc8+ Ka7 39.
Bb8+ Ka8 40. Ra4+ Qa5 41. Bd6+ Ka7 42. Bc5+ Nxc5 43. Qxc5+ Kb7 44. Qc6+ Ka7 45.
Rxa5#) 33... Bd6 34. Bxd6+ Nxd6 35. Rcb4 $18) 33. Rxb5 {Es droht Matt} 33...
Rxb5 34. Rc6 Ra5 (34... Rh8 {kann das Vorangegangene nicht ungeschehen machen}
35. Bb6 Be5 36. Qe2 $18) 35. Qe4 (35. Rb6 $142 {sichert den Gewinn} 35... Rc8
36. Qb1 Rc7 37. Rxd6 37... Kc8 $18) 35... Rd8 36. Bb6 Ra1+ 37. Kg2 Rh8 38. Qd4
{Droht Matt} 38... Ra6 (38... Ra2 {aendert den traurigen Lauf der Dinge nicht}
39. Rxd6 Rc8 40. Rd7 $18) 39. Rxd6 (39. Bc7+ $1 $142 {
erleichterte Weiss die Gewinnfuehrung} 39... Bxc7 40. Rxa6 Rd8 41. Qa7+ 41...
Kc8 $18) 39... Nxd6 40. Qxd6+ Ka8 41. Qc6+ Kb8 42. Bc7+ Ka7 43. Qd7 Ka8 (43...
Kb7 {waere gleichermassen fruchtlos} 44. Be5+ Ka8 45. Qxf7 $18) 44. Qxf7 Ra7
45. Qd7 {Droht Matt: Qc6} 45... e5 46. Qc6+ Rb7 1-0

[Event "ICS rated blitz match"]
[Site "207.99.83.229"]
[Date "1999.06.17"]
[Round "?"]
[White "Hossa"]
[Black "knightcrawler"]
[Result "1-0"]
[WhiteElo "2385"]
[BlackElo "2029"]
[Annotator "Fritz 5.32 (22s)"]
[PlyCount "39"]

1. e4 1... e5 {Opening = C39 - 4.h4} 2. f4 exf4 3. Nf3 g5 4. h4 g4 5. Ng5 5...
Nh6 $146 (5... h6 6. Nxf7 Kxf7 7. Qxg4 $17) 6. e5 (6. d4 f6 7. Bxf4 7... d5 $17
(7... fxg5 $6 8. Bxg5 Be7 9. Bxh6 Bxh4+ 10. Ke2 $11)) 6... Bg7 $15 (6... Qe7 $5
7. Be2 Nf5 8. Bxg4 Qxe5+ 9. Qe2 Qxe2+ 10. Bxe2 10... Ng3 $19) 7. d4 {
Weiss erhaelt Koenigsangriff} 7... O-O $16 (7... f6 $142 {ist noch spielbar} 8.
exf6 8... Qxf6 $15) 8. Qd3 {Droht Matt} ({Schlechter ist} 8. Bxf4 8... f6 9.
Ne4 fxe5 10. Bxh6 Bxh6 11. dxe5 11... Bg7 $15) 8... f5 9. exf6 {
Der Freibauer marschiert.} 9... Re8+ $18 (9... Rxf6 10. Qxh7+ 10... Kf8 $11)
10. Be2 Qxf6 11. Qxh7+ Kf8 12. Bxf4 12... d5 $2 $18 (12... d6 $5 $142 {
sieht noch spielbar aus} 13. Rf1 13... Bf5 $14 (13... Qxd4 $4 {
den sollte Schwarz lieber stehen lassen} 14. Bxd6#)) 13. O-O Bf5 (13... Rxe2
14. Bd6+ $1 {ein unangenehmes Schach} 14... cxd6 15. Rxf6+ Bxf6 16. Qxh6+ 16...
Ke7 $18) 14. Be5 Rxe5 15. dxe5 Qxe5 16. Bd3 Qe3+ (16... Ke8 17. Bxf5 Nxf5 18.
Qg6+ 18... Kd7 $16) 17. Kh1 Qg3 (17... Qe1 {
wuerde die Partie noch etwas verlaengern} 18. Qxg7+ Kxg7 19. Rxe1 19... Nd7 $18
) 18. Rxf5+ $1 {zwingend und schoen} 18... Nxf5 19. Qxf5+ (19. Bxf5 $4 19...
Qe1+ 20. Kh2 Be5+ 21. g3 Qxg3+ 22. Kh1 Qh2#) 19... Ke8 (19... Bf6 {
hilft allerdings auch nicht} 20. Qxf6+ Ke8 21. Qe6+ Kd8 22. Nf7#) 20. Qe6+ (20.
Qe6+ Kd8 21. Nf7#) 1-0

[Event "ICS rated blitz match"]
[Site "207.99.83.229"]
[Date "1999.06.17"]
[Round "?"]
[White "monkeys"]
[Black "Hossa"]
[Result "0-1"]
[WhiteElo "2345"]
[BlackElo "2389"]
[Annotator "Fritz 5.32 (22s)"]
[PlyCount "81"]

1. d4 1... d5 {Opening = D02 - 2.Nf3(Nf6 3.---)} 2. Nf3 Nf6 3. g3 e6 4. Bg2 Bd6
5. O-O O-O 6. b3 Nbd7 7. Bb2 7... c5 $146 (7... Qe7 8. Nbd2 e5 9. dxe5 Nxe5 10.
c4 dxc4 11. Nxe5 Bxe5 12. Bxe5 Qxe5 13. Nxc4 Qh5 14. Rc1 Re8 15. Bf3 Bg4 16.
Ne3 Bxf3 17. exf3 17... c6 {
1-0 Sharic,A-Gordin,A/EuYouth U14 Boys, Tallinn EST 1997 (17)}) 8. c4 dxc4 9.
bxc4 cxd4 10. Nxd4 Qe7 11. Nc3 Rd8 12. e3 {Befestigt f4} 12... Nb6 13. Qe2 $17
(13. Qb3 13... Bc5 $15) 13... Qc7 $15 (13... e5 14. Ndb5 Bg4 15. Qc2 $15) 14.
Ne4 (14. Ndb5 Qxc4 15. Nxd6 Rxd6 16. Qxc4 16... Nxc4 $11) 14... Nxe4 {
Schwarz haelt das Heft fest in der Hand} 15. Bxe4 e5 (15... Nxc4 $2 {
scheitert an} 16. Rac1 $18) 16. Nb5 Qxc4 17. Bd3 Qe6 18. Nxd6 (18. Rad1 e4 (
18... Qxa2 $143 19. Nxd6 Rxd6 20. Bxh7+ Kxh7 21. Rxd6 $18) 19. Bc2 19... Be7
$14) 18... Rxd6 (18... Qxd6 $6 19. Rad1 Qf8 20. Qh5 $11) 19. Rfd1 (19. f4 exf4
20. Rxf4 20... f6 $15) 19... Bd7 20. Ba3 Rd5 21. e4 21... Ra5 $15 (21... Rd4 $5
$17) 22. Bb4 Ra4 23. Bc5 $17 (23. a3 $5 $15 {muss unbedingt geprueft werden})
23... Rc8 24. Rdc1 Ra5 25. Bxb6 Qxb6 26. Bc4 (26. Rxc8+ Bxc8 27. Rb1 27... Qc7
$17) 26... Rac5 27. Rcb1 $19 (27. Qd2 27... R5c7 $17) 27... Qg6 (27... Rxc4 $6
28. Rxb6 axb6 29. Rd1 $11) 28. Bd5 28... Rc2 $17 (28... b6 29. Rb2 $19) 29. Qf3
$19 (29. Qe3 $5 29... b6 30. Rc1 $17) 29... b6 30. Rd1 $2 (30. Bb3 $142 30...
R2c3 31. Qe2 $19) 30... Bg4 31. Qd3 {
Schwarz darf Weiss nun nicht zu Bc4 kommen lassen} 31... Bxd1 (31... Be2 {
laesst dem Gegner kaum Chancen} 32. Qe3 Bxd1 33. Rxd1 $19) 32. Rxd1 Qh5 (32...
Qf6 $5 $142 {damit wuerde Schwarz es sich noch erleichtern} 33. Rd2 R2c3 34.
Qe2 $19) 33. Bb3 $2 (33. Bc6 $142 33... Qxd1+ $1 {weise Rueckgabe des Materials
} 34. Qxd1 R2xc6 35. Qd5 $19) 33... Qxd1+ $1 {
nicht am Material kleben ist die Devise} 34. Qxd1 Rc1 35. Kg2 Rxd1 36. Bxd1 Rc4
37. Kf3 Rc6 38. Bb3 Rf6+ 39. Ke3 g5 40. Bd5 (40. h3 {hilft auch nicht mehr}
40... Rh6 $19) 40... Rh6 41. f4 0-1

[Event "ICS rated blitz match"]
[Site "207.99.83.229"]
[Date "1999.06.17"]
[Round "?"]
[White "Hossa"]
[Black "monkeys"]
[Result "1-0"]
[WhiteElo "2403"]
[BlackElo "2325"]
[PlyCount "35"]

1. e4 c5 2. Nf3 d6 3. d4 cxd4 4. Nxd4 Nf6 5. Nc3 a6 6. Be2 Bd7 7. O-O Nc6 8.
Bg5 Nxd4 9. Qxd4 Bc6 10. Bxf6 gxf6 11. Bc4 e6 12. Bd5 exd5 13. exd5 Bb5 14.
Rfe1+ Kd7 15. a4 Bxa4 16. Nxa4 Kc7 17. Qb6+ Kd7 18. Qxb7+ {monkeys resigns} 1-0

[Event "ICS rated blitz match"]
[Site "207.99.83.229"]
[Date "1999.06.17"]
[Round "?"]
[White "monkeys"]
[Black "Hossa"]
[Result "0-1"]
[WhiteElo "2279"]
[BlackElo "2415"]
[PlyCount "68"]

1. d4 d5 2. Bf4 e6 3. e3 Nf6 4. Bd3 Bd6 5. Ne2 Nbd7 6. Nd2 e5 7. dxe5 Nxe5 8.
Bg3 O-O 9. O-O Bg4 10. Qe1 c5 11. Nc3 Qb6 12. Rb1 Nxd3 13. cxd3 Be7 14. h3 Be6
15. Be5 d4 16. exd4 cxd4 17. Na4 Qb5 18. b3 Nd7 19. Bxd4 Qxd3 20. Ba1 Rac8 21.
Nf3 Qg6 22. Kh1 Rc2 23. Nd4 Rxa2 24. Nxe6 fxe6 25. Rd1 Nc5 26. Nc3 Rc2 27. b4
Nd3 28. Rxd3 Qxd3 29. Qxe6+ Rf7 30. Rd1 Rd2 31. Qc8+ Bf8 32. Rxd2 Qxd2 33. Kh2
Qf4+ 34. Kh1 34... Re7 {monkeys resigns} 0-1

[Event "ICS rated standard match"]
[Site "207.99.83.229"]
[Date "1999.06.17"]
[Round "?"]
[White "star"]
[Black "Hossa"]
[Result "1-0"]
[WhiteElo "2167"]
[BlackElo "2228"]
[PlyCount "98"]

1. c4 Nf6 2. Nc3 e5 3. g3 c6 4. Nf3 Qa5 5. Bg2 e4 6. Nd4 Qc5 7. Nb3 Qxc4 8. O-O
d5 9. d3 exd3 10. exd3 Qg4 11. Re1+ Be7 12. Bf4 Qxd1 13. Raxd1 Kf8 14. h3 Bb4
15. a3 Bxc3 16. bxc3 Nbd7 17. Bd6+ Kg8 18. Re7 h5 19. Rde1 Rh6 20. Bf4 Rg6 21.
c4 h4 22. g4 Nf8 23. Bh2 dxc4 24. dxc4 N6d7 25. Nd4 Rf6 26. Re8 Nb6 27. c5 Be6
28. Rxa8 Nxa8 29. Bd6 Bd7 30. f4 Rg6 31. f5 Rh6 32. Rd1 Be8 33. Bf4 g5 34. Bxg5
Rh7 35. Bd8 a6 36. Rb1 f6 37. Re1 Bd7 38. Bxf6 Rf7 39. Bd8 Rg7 40. Bf1 Nh7 41.
Bc4+ Kh8 42. Nf3 Rg8 43. Bxg8 Kxg8 44. Re7 Bc8 45. Ba5 Nf6 46. g5 Bxf5 47. gxf6
Bg6 48. Ne5 Bh5 49. Rg7+ 49... Kh8 {Hossa resigns} 1-0

[Event "ICS Rated standard match"]
[Site "207.99.83.229"]
[Date "1999.06.17"]
[Round "?"]
[White "Devik-2000"]
[Black "Hossa"]
[Result "0-1"]
[WhiteElo "1890"]
[BlackElo "2209"]
[PlyCount "56"]

1. e4 e5 2. d4 exd4 3. Qxd4 Nc6 4. Qe3 Nf6 5. Nc3 Bb4 6. Bd2 O-O 7. O-O-O Re8
8. Qg3 Nxe4 9. Nxe4 Rxe4 10. c3 Bd6 11. f4 Ra4 12. Bd3 Rxa2 13. Nf3 Ra1+ 14.
Kc2 Rxd1 15. Kxd1 g6 16. h4 Na5 17. Kc2 c5 18. h5 c4 19. Be4 Qf6 20. Nd4 Nb3
21. Nxb3 cxb3+ 22. Kxb3 Qe6+ 23. c4 b5 24. Bd5 bxc4+ 25. Bxc4 Rb8+ 26. Ka2
Qxc4+ 27. Kb1 Bb7 28. hxg6 28... Be4+ {Devik-2000 resigns} 0-1

[Event "ICS rated standard match"]
[Site "207.99.83.229"]
[Date "1999.06.17"]
[Round "?"]
[White "Hossa"]
[Black "fishless"]
[Result "1-0"]
[WhiteElo "2213"]
[BlackElo "2107"]
[PlyCount "64"]

1. e4 e6 2. d4 d5 3. Nd2 c6 4. Ngf3 Nf6 5. e5 Nfd7 6. Bd3 c5 7. c3 cxd4 8. cxd4
Nc6 9. O-O h6 10. Bb5 a6 11. Bxc6 bxc6 12. Nb3 c5 13. Bd2 a5 14. Bc3 c4 15. Nc1
Bb4 16. Ne2 O-O 17. Qd2 f6 18. Bxb4 axb4 19. exf6 Nxf6 20. Qxb4 Ba6 21. Nf4 Re8
22. Ne5 c3 23. Rfe1 cxb2 24. Qxb2 Qb8 25. Qxb8 Raxb8 26. Reb1 Rxb1+ 27. Rxb1 g5
28. Rb6 Rc8 29. h4 Bc4 30. hxg5 hxg5 31. Nxe6 Re8 32. Nxg5 32... Bxa2 {
fishless resigns} 1-0

[Event "ICS rated blitz match"]
[Site "207.99.83.229"]
[Date "1999.06.17"]
[Round "?"]
[White "Talmoves"]
[Black "Hossa"]
[Result "1-0"]
[WhiteElo "2595"]
[BlackElo "2425"]
[PlyCount "143"]

1. e4 e5 2. Nf3 Nc6 3. Bb5 a6 4. Ba4 Nf6 5. O-O Be7 6. Re1 b5 7. Bb3 O-O 8. a4
b4 9. d3 d6 10. Nbd2 Bg4 11. h3 Bh5 12. c3 bxc3 13. bxc3 Rb8 14. Rb1 Qd7 15.
Ba3 Na5 16. Bc2 Rxb1 17. Qxb1 Kh8 18. Qb4 Nc6 19. Qb7 a5 20. Rb1 Ng8 21. Rb5 f5
22. exf5 d5 23. Bxe7 Ngxe7 24. g4 Be8 25. Nb3 Qd6 26. Qa8 Nxf5 27. Nxa5 Ncd4
28. cxd4 Bxb5 29. Qa7 Nxd4 30. Nxd4 exd4 31. Qxd4 Be8 32. Nb7 Qh6 33. Bb3 Qc1+
34. Kg2 c6 35. Qb4 Kg8 36. a5 Qg5 37. Qe4 Qf6 38. Qe3 Bg6 39. Nc5 Re8 40. Qd2
Qd4 41. Qc2 Re1 42. a6 Qa1 43. Nd7 Rh1 44. Bxd5+ Kh8 45. Kg3 Rg1+ 46. Kh2 Rc1
47. Qb3 Re1 48. Be4 Rb1 49. Qb7 Bf7 50. Qa8+ Bg8 51. Bxc6 Qd4 52. Qf8 Rb2 53.
Kg2 Re2 54. Nc5 Ra2 55. Be4 Qe5 56. Bb7 Ra1 57. Ne4 Ra4 58. Nd6 Qe6 59. Nf5 Qf7
60. Qb8 Qa2 61. Ne7 Qb3 62. a7 Rxa7 63. Qxa7 h5 64. Qa8 Qa2 65. Qd8 Kh7 66.
Be4+ g6 67. Nxg6 Qa6 68. Nh4+ Kg7 69. Nf5+ Kh8 70. Qd4+ Qf6 71. Qxf6+ Kh7 72.
Ne7# {Hossa checkmated} 1-0

[Event "ICS rated standard match"]
[Site "207.99.83.229"]
[Date "1999.06.17"]
[Round "?"]
[White "Devik-2000"]
[Black "Hossa"]
[Result "0-1"]
[WhiteElo "1851"]
[BlackElo "2224"]
[PlyCount "74"]

1. e4 c5 2. Nc3 d6 3. f4 Nc6 4. Nf3 g6 5. Bc4 Bg7 6. O-O Nf6 7. a4 O-O 8. d3
Bg4 9. h3 Be6 10. Bxe6 fxe6 11. Qe1 Qd7 12. Qh4 Nh5 13. Bd2 Nd4 14. Nxd4 cxd4
15. Ne2 Rac8 16. c3 dxc3 17. Bxc3 Nf6 18. Rfc1 Rc6 19. Nd4 Rc5 20. g4 a6 21.
Ne2 Qc8 22. g5 Nh5 23. Bxg7 Rxf4 24. Nxf4 Rxc1+ 25. Rxc1 Qxc1+ 26. Kf2 Nxf4 27.
Bc3 Nxd3+ 28. Ke2 Nxb2 29. Bxb2 Qxb2+ 30. Kd3 Qb3+ 31. Kd2 Qxa4 32. Qg4 Qd4+
33. Ke2 Qc4+ 34. Kd2 a5 35. Qg1 Qxe4 36. Qa7 Qb4+ 37. Kc2 37... Qc5+ {
Devik-2000 resigns} 0-1

[Event "ICS Rated standard match"]
[Site "207.99.83.229"]
[Date "1999.06.17"]
[Round "?"]
[White "yusef"]
[Black "Hossa"]
[Result "0-1"]
[WhiteElo "2115"]
[BlackElo "2199"]
[Annotator "Fritz 5.32 (17s)"]
[PlyCount "50"]

1. d4 d5 2. Nf3 Nf6 3. Nbd2 (3. g3 e6 4. Bg2 c5 5. O-O Nc6 6. c3 Be7 7. Bg5
cxd4 8. cxd4 {
- Nogueiras,J-Becerra Rivero,J/Capablanca Elite, Havana CUB 1997 (8)}) 3... e6
(3... Bf5 4. c4 e6 5. Qb3 Nc6 6. a3 Na5 7. Qa4+ c6 8. cxd5 exd5 9. b4 Nc4 10.
b5 cxb5 11. Qxb5+ Bd7 12. Qb3 Qa5 13. e4 Nb6 14. e5 Ne4 15. Bd3 Ba4 16. Qb1 Rc8
17. O-O Nc3 18. Nb3 {
Ooms,A-De Bruycker,B/Interteam ch, Antwerp BEL 1998/1-0 (39)}) 4. e3 4... Nc6
$146 (4... b6 5. Bd3 Bb7 6. O-O Be7 7. Qe2 Nbd7 8. e4 dxe4 9. Nxe4 Nxe4 10.
Bxe4 Bxe4 11. Qxe4 O-O 12. Rd1 Nf6 13. Qe2 Qd5 14. c4 Qe4 15. Qxe4 Nxe4 16. Ne5
Rfe8 17. Be3 h6 18. Nc6 a5 19. a4 Bd6 20. f3 Nf6 21. Rac1 Kh7 22. b3 Kg8 23.
Bf2 23... Kf8 {- Avni,A-Schroeder,W/Challengers, Hastings (6) 1996 (23)}) 5.
Bd3 Nb4 6. O-O Nxd3 7. cxd3 {Staerkt e4} 7... Be7 8. e4 O-O 9. e5 {Raumgewinn}
9... Nd7 10. Re1 10... f6 {Deckt g5} 11. Nf1 fxe5 12. dxe5 c5 13. d4 Qb6 14.
dxc5 Bxc5 15. Ne3 (15. Re2 15... Qb4 $11) 15... Qc7 16. Bd2 $17 (16. Kh1 $5 $15
{muss erwogen werden}) 16... Nxe5 17. Nxe5 Qxe5 18. Qc2 Qf4 19. Rf1 $19 (19. f3
$5 19... Bb6 20. Kh1 $17) 19... Bd6 {Droht Matt} 20. g3 Qf3 21. Qd1 Bd7 22.
Qxf3 Rxf3 23. Bc3 Bc5 24. Ng4 Raf8 25. Be1 $2 (25. Rfc1 $142 25... Bc6 26. Bxg7
Bxf2+ 27. Nxf2 Kxg7 28. Ng4 $19) 25... Bb5 (25... Bb5 26. a4 Bxf1 27. Kxf1
27... h5 $19) 0-1

[Event "ICS Rated blitz match"]
[Site "207.99.83.229"]
[Date "1999.06.17"]
[Round "?"]
[White "Hossa"]
[Black "Amateur"]
[Result "1-0"]
[WhiteElo "2416"]
[BlackElo "2590"]
[Annotator "Fritz 5.32 (17s)"]
[PlyCount "81"]

1. Nf3 Nf6 2. e3 d5 (2... e6 3. b3 c5 4. Bb2 Be7 5. Be2 O-O 6. O-O b6 7. c4 Bb7
8. d3 d6 9. a3 Nbd7 10. Nbd2 Qc7 11. b4 Rfd8 12. h3 a6 13. Qb3 Rab8 14. a4 cxb4
15. Qxb4 Nc5 16. Bxf6 Bxf6 17. d4 {Kaenel,H-Horvath,P/Bern SUI 1999/1-0 (65)})
3. Bb5+ $146 (3. c4 e6 4. Nc3 (4. b3 Nbd7 5. Bb2 c6 6. Be2 Bd6 7. O-O O-O 8. d3
Re8 9. Qc2 Qe7 10. Rd1 Nf8 11. Ne5 Ng6 12. f4 Bxe5 13. fxe5 Nd7 14. d4 f6 15.
Ba3 Qd8 16. Bd3 Ndf8 17. exf6 gxf6 18. Nc3 18... f5 {
Kaenel,H-Mikavica,M/Volksbank op, Bern SUI (7) 1996/1-0 (47)}) 4... Be7 5. b3
O-O 6. Bb2 b6 7. Be2 Bb7 8. O-O Nbd7 9. cxd5 Nxd5 10. Rc1 Bf6 11. d4 Nxc3 12.
Bxc3 c5 13. b4 cxd4 14. Bxd4 Qb8 15. Qa4 Ne5 16. Bxe5 Bxe5 17. Rfd1 17... a5 {
Chepukaitis,G-Malofeev,A/ch-city, St Petersburg RUS 1997/1-0 (44)}) 3... Bd7 4.
Be2 Nc6 5. d4 e6 6. O-O Bd6 7. Nc3 O-O 8. Bd2 8... a6 {Sichert b5} 9. Bd3 e5
10. dxe5 Nxe5 11. Nxe5 Bxe5 12. f4 Bd6 13. e4 Bc5+ 14. Kh1 Re8 15. e5 {
Raumvorteil} 15... Ng4 16. Qe1 16... c6 {Verwehrt dem Gegner b5} 17. h3 Nh6 18.
Na4 $11 (18. f5 $5 18... Qe7 19. Bxh6 gxh6 20. e6 fxe6 21. f6 $14) 18... Bb6 (
18... Ba7 19. Bb4 $15) 19. Nxb6 Qxb6 20. b3 $11 (20. f5 $5 $142 20... Bxf5 21.
Bxh6 Bxd3 22. cxd3 Qxb2 23. Bf4 $16) 20... Nf5 (20... Bf5 21. Ba5 Qa7 22. Rd1
$15) 21. Rd1 21... Be6 $16 (21... c5 $5 $11 $142 {ist vielleicht staerker}) 22.
g4 Nd4 23. Be3 $16 {Will f5 spielen} (23. Qh4 h6 24. f5 Bc8 25. Bxh6 25... gxh6
$18) 23... c5 24. Qh4 h6 25. Qf2 {Ermoeglicht auch f5} 25... Qb4 26. f5 {
Weiss engt den Gegner ein} 26... Bc8 27. f6 (27. e6 27... b6 $16 (27... fxe6
28. f6 Rf8 29. f7+ Kh8 30. Bxh6 $18)) 27... g5 28. Bxd4 {
Nun geraet Schwarz unter starken Druck.} 28... cxd4 (28... Qxd4 $2 29. Bh7+ $3
{ein energisches Opfer} 29... Kxh7 30. Rxd4 cxd4 31. Qxd4 $18) 29. Qg3 29...
Qc5 $2 $18 (29... Qa3 $14 $142 {und Schwarz spielt mit}) 30. h4 gxh4 31. Qxh4 {
Droht Matt} 31... Qf8 (31... Rxe5 $4 {der Bauer ist nicht zu nehmen} 32. Qxh6
Rh5+ 33. gxh5 Qxc2 34. Qg7#) 32. Rde1 {Droht g5} 32... Bd7 33. g5 Kh8 34. gxh6
(34. Qxh6+ $6 34... Qxh6+ 35. gxh6 35... Rg8 $18) 34... Qb4 35. a4 (35. Rg1
Qxe1 36. Qxe1 Rg8 37. Rg7 Bf5 38. Bxf5 Rxg7 39. hxg7+ Kg8 40. Qh4 d3 41. Qh8#)
35... Qc3 (35... Rg8 {lenkt den Gegner vielleicht noch ab} 36. e6 $1 {
nicht am Material kleben ist die Devise} 36... Bxe6 37. Rxe6 37... Qd2 $18 (
37... fxe6 $4 38. f7 Rg1+ 39. Rxg1 Qe7 40. Qxe7 Rf8 41. Qxf8#)) 36. h7 {
Mit der Mattdrohung Qg5} 36... Qc5 (36... Qd2 37. Re2 Rxe5 38. Rxd2 Bh3 39. Qh6
Rg5 40. Qxg5 Bg2+ 41. Rxg2 Re8 42. Qg7#) 37. Rg1 (37. Qg5 Qf8 38. Rg1 Bg4 39.
Rxg4 Qh6+ 40. Qxh6 Rxe5 41. Qg7#) 37... Bf5 (37... Bg4 {
aendert den traurigen Lauf der Dinge nicht} 38. Qxg4 Rg8 39. hxg8=Q+ Rxg8 40.
Qxg8#) 38. Qh6 Be4+ (38... Qf8 {waere gleichermassen fruchtlos} 39. Rg8+ Qxg8
40. hxg8=Q+ Kxg8 41. Qg7#) 39. Bxe4 Qf8 40. Qg7+ Qxg7 41. fxg7# 1-0